000 02132cam a2200241 4500500
005 20260111094247.0
041 _afre
042 _adc
100 1 0 _aFeller, Laurent
_eauthor
245 0 0 _aLes premiers contrats agraires du Mont-Cassin
260 _c2004.
500 _a67
520 _aRésumé Dans les années 950, en Italie centrale, l’heure est à la réorganisation générale des patrimoines et à la reconstruction, après trois quarts de siècles de crises. Les grands monastères, qui ont souffert des incursions sarrasines et hongroises, n’ont pas perdu le contrôle du sol. Les modalités de la remise en valeur dépendent des choix faits par les gestionnaires selon les conditions locales. Les contrats agraires qui suivent soulignent que les abbés du Mont-Cassin n’ont pas bouleversé les structures foncières : par une politique très différenciée, ils ont cherché à tirer à moindres frais le meilleur parti du mouvement général de croissance.
520 _aIn the 950s, the mid-Italian peninsula witnessed a general restructuring of landholding and a rebuil-ding movement, after three quarters of a century of crisis. The large monasteries, which had had to deal with the Sarracen and Hungarian forays, had never lost control of the land, but the specific forms land improvements would take depended on the choices their managers would make according to the local context. The agricultural tenancy contracts which were drawn thereupon show conclusively that the Monte Cassino abbotts did not dramatically change the existing landholding structure. Instead, through a highly differentiated approach, they tried to make the most of the general movement of growth, at the lowest possible cost.
690 _acontrats agraires
690 _aItalie
690 _aMont-Cassin
690 _aagricultural tenancy contracts
690 _aItaly
690 _aMonte Cassino
786 0 _nHistoire & Sociétés Rurales | 21 | 1 | 2004-03-01 | p. 133-185 | 1254-728X
856 4 1 _uhttps://shs.cairn.info/revue-histoire-et-societes-rurales-2004-1-page-133?lang=fr&redirect-ssocas=7080
999 _c1628473
_d1628473